[Event "IECC 2015-3.03"]
[Site "IECC email"]
[Date "2016.01.15"]
[Round "?"]
[White "Ducci, Roberto"]
[Black "Adams, Mark"]
[Result "1/2-1/2"]
[WhiteElo "2409"]
[BlackElo "2310"]
[PlyCount "72"]
[EventDate "2016.??.??"]
[EventType "tourn (corr)"]
[SourceTitle "Corr 2020"]
[Source "ChessBase"]
[SourceDate "2019.09.30"]
[SourceVersion "1"]
[SourceVersionDate "2019.09.30"]
[SourceQuality "1"]
[WhiteTeam "Italy"]
[BlackTeam "Wales"]
[WhiteTeamCountry "ITA"]
[BlackTeamCountry "WLS"]

1. d4 d5 2. c4 c6 3. Nf3 Nf6 4. e3 e6 5. b3 Nbd7 6. Bb2 Ne4 7. Bd3 Bb4+ 8. Nbd2 f5 9. 0-0 0-0 10. a3 Bd6 11. b4 Qf6 12. Rc1 g5 13. cxd5 cxd5 14. h3 Qg7 15. Rc2 a6 16. Qe2 Ndf6 17. Ne5 Bd7 18. Nxd7 Nxd7 19. Nf3 Kh8 20. g3 Rac8 21. Rxc8 Rxc8 22. Nd2 g4 23. h4 Nxd2 24. Qxd2 Nf6 25. Qe2 Qd7 26. b5 a5 27. Qd2 b6 28. Rc1 Rxc1+ 29. Qxc1 Qc7 30. Qxc7 Bxc7 31. Kg2 Kg7 32. Bc2 Kg6 33. Bd3 Bd6 34. Bc2 Ne4 35. a4 Kf6 36. Kf1 Bb4 1/2-1/2